[Event "Thüringenliga 2015/2016"]
[Site "?"]
[Date "2015.09.13"]
[Round "1"]
[White "Dreyer, Michael"]
[Black "Mißbach, Bernd"]
[Result "1-0"]
[WhiteElo "2082"]
[BlackElo "1961"]
[PlyCount "67"]
[EventDate "2015.??.??"]
[WhiteTeam "SV Schott Jena"]
[BlackTeam "SV Jenapharm Jena"]

1. e4 g6 2. d4 Bg7 3. Ne2 d6 4. Nbc3 a6 5. g3 Nd7 6. Bg2 Ngf6 7. O-O O-O 8. h3
Rb8 9. Bg5 b5 10. a3 c5 11. Qd2 Bb7 12. d5 Qc7 13. Bh6 Ne5 14. b3 Bc8 15. Bxg7
Kxg7 16. f4 Ned7 17. g4 b4 18. Nd1 a5 19. Ng3 Bb7 20. Ne3 Nb6 21. axb4 axb4 22.
c4 Kg8 23. g5 Ne8 24. Ng4 Nd7 25. Qb2 f6 26. Nh6+ Kg7 27. h4 Ra8 28. Rxa8 Bxa8
29. Bh3 Bb7 30. h5 Bc8 31. hxg6 hxg6 32. Be6 Rh8 33. Qh2 Nf8 34. Nhf5+ 1-0

[Event "Thüringenliga 2015/2016"]
[Site "?"]
[Date "2015.09.13"]
[Round "1"]
[White "Zipfel, Frank"]
[Black "Brömel, Richard"]
[Result "1/2-1/2"]
[WhiteElo "2014"]
[BlackElo "2064"]
[PlyCount "26"]
[EventDate "2015.??.??"]
[WhiteTeam "SV Jenapharm Jena"]
[BlackTeam "SV Schott Jena"]

1. Nf3 d5 2. g3 Nf6 3. Bg2 c6 4. O-O Bf5 5. d3 e6 6. Nbd2 Bc5 7. e3 Nbd7 8. Qe2
Qc7 9. e4 dxe4 10. Nxe4 Nxe4 11. dxe4 Bg4 12. h3 Bxf3 13. Qxf3 O-O 1/2-1/2

[Event "Thüringenliga 2015/2016"]
[Site "?"]
[Date "2015.09.13"]
[Round "1"]
[White "Vieweg, Klaus"]
[Black "Vater, Rainer"]
[Result "1/2-1/2"]
[WhiteElo "1957"]
[BlackElo "1886"]
[PlyCount "41"]
[EventDate "2015.??.??"]
[WhiteTeam "SV Schott Jena"]
[BlackTeam "SV Jenapharm Jena"]

1. Nf3 d6 2. d4 Bg4 3. e4 Nd7 4. Bc4 e5 5. c3 Qf6 6. Be3 Bxf3 7. gxf3 O-O-O 8.
Nd2 Kb8 9. Qb3 Nh6 10. a4 Nb6 11. Be2 c5 12. a5 Nc8 13. d5 Qe7 14. Nc4 Ka8 15.
Qa3 Qc7 16. b4 f5 17. b5 Qf7 18. Rg1 g6 19. Bg5 Re8 20. Rg2 Bg7 21. Qa2 1/2-1/2

[Event "Thüringenliga 2015/2016"]
[Site "?"]
[Date "2015.09.13"]
[Round "1"]
[White "Rauhut, Frank"]
[Black "Bunke, Wilfried"]
[Result "0-1"]
[WhiteElo "1890"]
[BlackElo "1940"]
[PlyCount "99"]
[EventDate "2015.??.??"]
[WhiteTeam "SV Jenapharm Jena"]
[BlackTeam "SV Schott Jena"]

1. d4 Nf6 2. c4 e6 3. Nf3 d5 4. Nc3 Be7 5. Bf4 O-O 6. e3 Nbd7 7. Qc2 c5 8. dxc5
Nxc5 9. cxd5 exd5 10. Be2 Be6 11. O-O Rc8 12. Rac1 Nce4 13. Qd3 Qb6 14. Na4 Qb4
15. Qb5 Bd7 16. Qxb4 Bxb4 17. b3 Ba3 18. Rxc8 Rxc8 19. Nd4 Bxa4 20. bxa4 Nc3
21. Bd3 Nxa4 22. Nb5 Bc5 23. Rc1 Rc6 24. Bb8 a6 25. Nd4 Rc8 26. Bd6 Ne8 27. Be7
Rc7 28. Bd8 Rd7 29. Bh4 Nd6 30. Bc2 Nc3 31. Bxh7+ Kxh7 32. Rxc3 Bxd4 33. exd4
Nc4 34. Kf1 f6 35. Bg3 Re7 36. Rc2 b5 37. Bf4 Re4 38. Be3 Nxe3+ 39. fxe3 Rxe3
40. Kf2 Ra3 41. Rc5 Rxa2+ 42. Kf3 b4 43. Rxd5 b3 44. Rd7 a5 45. d5 a4 46. d6
Rd2 47. Ke3 Rxd6 48. Rxd6 b2 49. Ra6 b1=Q 50. Rxa4 0-1

[Event "Thüringenliga 2015/2016"]
[Site "?"]
[Date "2015.09.13"]
[Round "1"]
[White "Schmidt, Lothar"]
[Black "Jung, Florian"]
[Result "1-0"]
[WhiteElo "1855"]
[BlackElo "1772"]
[PlyCount "47"]
[EventDate "2015.??.??"]
[WhiteTeam "SV Schott Jena"]
[BlackTeam "SV Jenapharm Jena"]

1. d4 Nf6 2. Nf3 d5 3. Bf4 e6 4. Nbd2 Be7 5. e3 O-O 6. Bd3 Nbd7 7. Ne5 c5 8. c3
Re8 9. Ndf3 cxd4 10. exd4 Nxe5 11. Nxe5 g6 12. Qf3 Qb6 13. Rb1 Kg7 14. g4 Rf8
15. Qe3 Ng8 16. g5 f6 17. gxf6+ Rxf6 18. h4 Qd8 19. h5 gxh5 20. Rxh5 h6 21. Ke2
Qe8 22. Rg1+ Kf8 23. Bxh6+ Nxh6 24. Rxh6 1-0

[Event "Thüringenliga 2015/2016"]
[Site "?"]
[Date "2015.09.13"]
[Round "1"]
[White "Thöle, Wolfgang"]
[Black "Seifert, Michael"]
[Result "1-0"]
[WhiteElo "1929"]
[BlackElo "1828"]
[PlyCount "65"]
[EventDate "2015.??.??"]
[WhiteTeam "SV Jenapharm Jena"]
[BlackTeam "SV Schott Jena"]

1. e4 e6 2. d4 d5 3. exd5 exd5 4. Bd3 Bd6 5. Ne2 Nf6 6. Bf4 O-O 7. O-O Bg4 8.
f3 Bh5 9. Qd2 Bg6 10. Nbc3 Nc6 11. Rae1 Ne7 12. Bg5 c6 13. Bxf6 gxf6 14. f4
Bxd3 15. Qxd3 f5 16. Ng3 Qd7 17. Nd1 Ng6 18. Nh5 f6 19. Ne3 Rae8 20. Nxf5 Rxe1
21. Rxe1 Kh8 22. Nxd6 Qxd6 23. f5 Ne7 24. Re6 Qc7 25. g4 Ng8 26. c3 a6 27. b4
Qf7 28. Qe3 Rc8 29. a4 a5 30. Qf4 Rd8 31. bxa5 h6 32. h4 Qf8 33. Qc7 1-0

[Event "Thüringenliga 2015/2016"]
[Site "?"]
[Date "2015.09.13"]
[Round "1"]
[White "Hausknecht, Matthias"]
[Black "Welde, Kevin"]
[Result "1-0"]
[WhiteElo "2113"]
[BlackElo "1933"]
[PlyCount "69"]
[EventDate "2015.??.??"]
[WhiteTeam "SV Medizin Erfurt"]
[BlackTeam "VfL 1990 Gera"]

1. e4 d6 2. d4 Nf6 3. Nc3 g6 4. Bg5 Bg7 5. f4 c6 6. Nf3 Qa5 7. Bd3 b5 8. O-O
Ng4 9. Qd2 Qb6 10. Kh1 Bxd4 11. Nxd4 Qxd4 12. Nxb5 Qb6 13. Qc3 f6 14. Bh4 O-O
15. Nd4 c5 16. Bc4+ Kg7 17. Ne6+ Bxe6 18. Bxe6 Nh6 19. g4 Na6 20. g5 Ng8 21.
Bxg8 Kxg8 22. gxf6 exf6 23. Bxf6 d5 24. e5 Rxf6 25. exf6 Rf8 26. Qe5 Nc7 27. f5
Rxf6 28. fxg6 Rxg6 29. Rg1 d4 30. Rxg6+ hxg6 31. Re1 Qc6+ 32. Kg1 c4 33. Qxd4
Ne6 34. Qe4 Qc5+ 35. Kh1 1-0

[Event "Thüringenliga 2015/2016"]
[Site "?"]
[Date "2015.09.13"]
[Round "1"]
[White "Seidens, Gunter"]
[Black "Nguyen, Huy Dat"]
[Result "1/2-1/2"]
[WhiteElo "1861"]
[BlackElo "2007"]
[PlyCount "88"]
[EventDate "2015.??.??"]
[WhiteTeam "VfL 1990 Gera"]
[BlackTeam "SV Medizin Erfurt"]

1. d4 Nf6 2. Nf3 d5 3. c4 e6 4. Nc3 Nbd7 5. Bg5 c6 6. e3 Qa5 7. Nd2 Bb4 8. Bxf6
Nxf6 9. Qc2 O-O 10. Bd3 h6 11. O-O Re8 12. f4 Qc7 13. a3 Bf8 14. Nf3 dxc4 15.
Bxc4 b5 16. Ba2 a6 17. a4 Bb7 18. Rac1 Rac8 19. Bb1 g6 20. Ne5 c5 21. axb5 axb5
22. Qf2 Qb6 23. Kh1 cxd4 24. exd4 Red8 25. Rcd1 b4 26. Na4 Qb5 27. b3 Ne4 28.
Qe1 Nc3 29. Nxc3 Rxc3 30. Rf2 Qd5 31. Re2 Re3 32. Kg1 Bg7 33. Qf2 Rxe2 34. Qxe2
Qxb3 35. Ba2 Ba6 36. Bxb3 Bxe2 37. Rd2 Bb5 38. Kf2 g5 39. g3 Kf8 40. Ke3 Rc8
41. Rb2 Rc3+ 42. Kd2 f6 43. Bxe6 fxe5 44. Rxb4 Rd3+ 1/2-1/2

[Event "Thüringenliga 2015/2016"]
[Site "?"]
[Date "2015.09.13"]
[Round "1"]
[White "Kirschbaum, Gunnar"]
[Black "Schönfeld, Volker"]
[Result "1-0"]
[WhiteElo "2114"]
[BlackElo "1898"]
[PlyCount "65"]
[EventDate "2015.??.??"]
[WhiteTeam "SV Medizin Erfurt"]
[BlackTeam "VfL 1990 Gera"]

1. d4 Nf6 2. c4 g6 3. Nc3 d5 4. cxd5 Nxd5 5. e4 Nxc3 6. bxc3 Bg7 7. Nf3 c5 8.
Be2 Nc6 9. d5 Bxc3+ 10. Bd2 Bxd2+ 11. Qxd2 Nd4 12. Nxd4 cxd4 13. Qxd4 Qa5+ 14.
Qd2 Qxd2+ 15. Kxd2 Bd7 16. Rab1 b6 17. Rhc1 Rc8 18. Ba6 Rxc1 19. Rxc1 Kd8 20.
e5 g5 21. f3 h5 22. a4 Rh6 23. Ke3 Bxa4 24. Rc8+ Kd7 25. Ra8 b5 26. Rxa7+ Kd8
27. Bb7 Rb6 28. Bc6 e6 29. Kd4 Bb3 30. Kc5 Rb8 31. Rxf7 Bxd5 32. Bxd5 exd5 33.
Rf8+ 1-0

[Event "Thüringenliga 2015/2016"]
[Site "?"]
[Date "2015.09.13"]
[Round "1"]
[White "Huster, Mike"]
[Black "Reichel, Norbert"]
[Result "1/2-1/2"]
[WhiteElo "1900"]
[BlackElo "2040"]
[PlyCount "57"]
[EventDate "2015.??.??"]
[WhiteTeam "VfL 1990 Gera"]
[BlackTeam "SV Medizin Erfurt"]

1. d4 Nf6 2. Nf3 g6 3. g3 Bg7 4. Bg2 O-O 5. O-O d6 6. c4 Nbd7 7. Nc3 e5 8. e4
exd4 9. Nxd4 Re8 10. Re1 Nc5 11. f3 a5 12. b3 Nfd7 13. Be3 Ne5 14. Bf1 Bd7 15.
Be2 h5 16. Qd2 Ne6 17. Rad1 Nxd4 18. Bxd4 Bc6 19. Rf1 Kh7 20. f4 Nd7 21. Bxg7
Kxg7 22. Bf3 Nc5 23. Qd4+ f6 24. f5 Re5 25. fxg6 Qh8 26. Bg2 Rf8 27. Rd2 Qh6
28. Rdf2 Qxg6 29. Re2 1/2-1/2

[Event "Thüringenliga 2015/2016"]
[Site "?"]
[Date "2015.09.13"]
[Round "1"]
[White "Müller-Ludwig, Kristin"]
[Black "Richter, Sven"]
[Result "1-0"]
[WhiteElo "1935"]
[BlackElo "1950"]
[PlyCount "85"]
[EventDate "2015.??.??"]
[WhiteTeam "SV Medizin Erfurt"]
[BlackTeam "VfL 1990 Gera"]

1. e4 g6 2. d4 Bg7 3. Nc3 d6 4. Be3 Nf6 5. f3 a6 6. Qd2 b5 7. O-O-O b4 8. Nce2
a5 9. Kb1 Nc6 10. Nc1 Rb8 11. Bh6 Bxh6 12. Qxh6 e5 13. Nge2 Bd7 14. h4 Ng8 15.
Qe3 a4 16. dxe5 dxe5 17. h5 g5 18. Qc5 Qe7 19. Nd3 b3 20. cxb3 axb3 21. a3 Nf6
22. Nc3 Qxc5 23. Nxc5 Nd4 24. Bc4 Bb5 25. Bxb5+ Nxb5 26. Nd5 Nxd5 27. Rxd5 f6
28. Na6 c6 29. Nxb8 cxd5 30. exd5 Nd4 31. Rc1 Ke7 32. Rc7+ Kd6 33. Rd7+ Kc5 34.
Na6+ Kc4 35. Nb4 g4 36. Rc7+ Kb5 37. fxg4 Rg8 38. d6 Rd8 39. d7 e4 40. Nd5 Nc6
41. a4+ Kxa4 42. Rc8 e3 43. Rxd8 1-0

[Event "Thüringenliga 2015/2016"]
[Site "?"]
[Date "2015.09.13"]
[Round "1"]
[White "Manicke, Hans-Joachim"]
[Black "Jakob, Matthias"]
[Result "1/2-1/2"]
[WhiteElo "1876"]
[BlackElo "1952"]
[PlyCount "67"]
[EventDate "2015.??.??"]
[WhiteTeam "VfL 1990 Gera"]
[BlackTeam "SV Medizin Erfurt"]

1. b4 e5 2. Bb2 Bxb4 3. Bxe5 Nf6 4. e3 Nc6 5. Bb2 d5 6. Nf3 O-O 7. c4 Qe7 8.
Be2 Be6 9. cxd5 Nxd5 10. O-O Rad8 11. d4 Rfe8 12. h3 Bf5 13. Bc4 Nb6 14. Bb5
Be4 15. Nc3 Bxc3 16. Bxc3 a6 17. Be2 Nd5 18. Bb2 Bf5 19. Re1 Nf6 20. Qb3 Bc8
21. Rac1 Qd7 22. Qc2 Nd5 23. a3 Qd6 24. Bc4 Qh6 25. Bf1 Rd6 26. Kh2 Rg6 27. Ne5
Nxe5 28. dxe5 c6 29. Qe4 Rg4 30. Qf3 Be6 31. Kg1 Rg6 32. Kh2 Bg4 33. Qe4 Be6
34. Qf3 1/2-1/2

[Event "Thüringenliga 2015/2016"]
[Site "?"]
[Date "2015.09.13"]
[Round "1"]
[White "Nguyen, Ha Thanh"]
[Black "Kretzschmar, Bernd"]
[Result "1/2-1/2"]
[WhiteElo "1696"]
[BlackElo "1850"]
[PlyCount "80"]
[EventDate "2015.??.??"]
[WhiteTeam "SV Medizin Erfurt"]
[BlackTeam "VfL 1990 Gera"]

1. e4 g6 2. d4 Bg7 3. Nc3 d6 4. Nf3 c6 5. Be3 b5 6. a3 a6 7. Qd2 Nd7 8. Rd1 Nb6
9. h3 h6 10. b3 Qc7 11. Na2 Nf6 12. Bd3 c5 13. dxc5 dxc5 14. Qa5 Nfd7 15. O-O
Nd5 16. Qxc7 Nxc7 17. c4 O-O 18. b4 cxb4 19. Nxb4 Kh7 20. Rd2 Re8 21. Rc1 Ne5
22. Nxe5 Bxe5 23. f4 Bg7 24. Bb6 Ne6 25. cxb5 Nxf4 26. Bc4 axb5 27. Bxb5 Rf8
28. a4 Bb7 29. Be3 Ne6 30. Nc6 Rfc8 31. Rd7 Bxc6 32. Bxc6 Ra6 33. Bb5 Rxc1+ 34.
Bxc1 Ra8 35. Rxe7 Bd4+ 36. Kf1 Kg7 37. Re8 Ra7 38. Rc8 Nc5 39. Rd8 Bf6 40. Rd2
Nxe4 1/2-1/2

[Event "Thüringenliga 2015/2016"]
[Site "?"]
[Date "2015.09.13"]
[Round "1"]
[White "Walther, Thomas"]
[Black "Sunderbrink, Heino"]
[Result "1/2-1/2"]
[WhiteElo "1825"]
[BlackElo "1932"]
[PlyCount "34"]
[EventDate "2015.??.??"]
[WhiteTeam "VfL 1990 Gera"]
[BlackTeam "SV Medizin Erfurt"]

1. e4 Nf6 2. e5 Nd5 3. d4 d6 4. Nf3 dxe5 5. Nxe5 c6 6. c3 Nd7 7. Bc4 Nxe5 8.
dxe5 Bf5 9. O-O e6 10. Nd2 Bc5 11. Nb3 Bb6 12. Nd4 Bg6 13. Kh1 O-O 14. f4 Qe7
15. Bxd5 cxd5 16. Be3 Be4 17. Qe2 Bxd4 1/2-1/2

[Event "Thüringenliga 2015/2016"]
[Site "?"]
[Date "2015.10.25"]
[Round "2"]
[White "Hoffmann, Tim"]
[Black "Steinacker, Alex"]
[Result "0-1"]
[WhiteElo "2048"]
[BlackElo "2177"]
[PlyCount "86"]
[EventDate "2015.??.??"]
[WhiteTeam "ESV Gera"]
[BlackTeam "Erfurter Schachklub"]

1. e4 c5 2. Nf3 Qa5 3. Nc3 g6 4. d4 Bg7 5. Be2 cxd4 6. Nxd4 Nf6 7. O-O Nc6 8.
Be3 O-O 9. Nb3 Qc7 10. f4 d6 11. Bf3 Bd7 12. Qe2 a6 13. a4 Nb4 14. Rfd1 Rac8
15. a5 Qc4 16. Qxc4 Rxc4 17. Rac1 Bh6 18. g3 Bg4 19. Kf2 Be6 20. Ke2 Rxc3 21.
bxc3 Na2 22. Kd2 Rc8 23. Bd4 Nxc1 24. Nxc1 Ng4 25. h3 Ne5 26. Be2 Bc4 27. Nd3
Nc6 28. Bb6 g5 29. Bg4 Be6 30. f5 Bd7 31. c4 Bg7 32. c5 Ne5 33. Kc1 Nxd3+ 34.
Rxd3 Be5 35. cxd6 exd6 36. Kd2 Rc4 37. Re3 Ba4 38. c3 Bc6 39. Bf3 Ra4 40. Bd1
Ra2+ 41. Ke1 Rg2 42. g4 Rg1+ 43. Ke2 Bb5+ 0-1

[Event "Thüringenliga 2015/2016"]
[Site "?"]
[Date "2015.10.25"]
[Round "2"]
[White "Brüggemann, Joachim"]
[Black "Puschendorf, Steffen"]
[Result "1-0"]
[WhiteElo "2203"]
[BlackElo "2086"]
[PlyCount "67"]
[EventDate "2015.??.??"]
[WhiteTeam "Erfurter Schachklub"]
[BlackTeam "ESV Gera"]

1. e4 e6 2. d4 d5 3. Nc3 Bb4 4. e5 c5 5. a3 Bxc3+ 6. bxc3 Ne7 7. h4 Nbc6 8. h5
Qa5 9. Bd2 Bd7 10. Qg4 Qa4 11. Qxg7 O-O-O 12. Qf6 Qxc2 13. Rc1 Qe4+ 14. Ne2
Rhf8 15. f3 Qf5 16. g4 Qxf6 17. exf6 Ng8 18. g5 e5 19. h6 Rfe8 20. Kf2 Na5 21.
dxe5 Nb3 22. Rd1 Nxd2 23. Rxd2 Rxe5 24. f4 Re4 25. Bg2 Ra4 26. Rxd5 Bg4 27.
Rxc5+ Kb8 28. Nd4 Re8 29. Re1 Rxe1 30. Kxe1 Rxa3 31. Be4 Ra6 32. Rb5 Bc8 33.
Nc6+ Kc7 34. Ne7 1-0

[Event "Thüringenliga 2015/2016"]
[Site "?"]
[Date "2015.10.25"]
[Round "2"]
[White "Gläßl, Matthias"]
[Black "Krüger, Rainer"]
[Result "1/2-1/2"]
[WhiteElo "2024"]
[BlackElo "2102"]
[PlyCount "41"]
[EventDate "2015.??.??"]
[WhiteTeam "ESV Gera"]
[BlackTeam "Erfurter Schachklub"]

1. e4 c5 2. Nf3 d6 3. Bb5+ Bd7 4. Qe2 Bxb5 5. Qxb5+ Qd7 6. Qxd7+ Nxd7 7. d4
cxd4 8. Nxd4 Ngf6 9. f3 Rc8 10. Nc3 g6 11. Be3 Bg7 12. Nb3 a6 13. O-O-O O-O 14.
Nd5 Nxd5 15. Rxd5 Ne5 16. Kb1 Rc7 17. Bd4 Rfc8 18. Bxe5 Bxe5 19. c3 Kg7 20. g3
g5 21. Rf1 1/2-1/2

[Event "Thüringenliga 2015/2016"]
[Site "?"]
[Date "2015.10.25"]
[Round "2"]
[White "Duzy, Stefan"]
[Black "Hilbig, Dieter"]
[Result "1/2-1/2"]
[WhiteElo "1909"]
[BlackElo "1859"]
[PlyCount "33"]
[EventDate "2015.??.??"]
[WhiteTeam "Erfurter Schachklub"]
[BlackTeam "ESV Gera"]

1. e4 c5 2. Nf3 Nc6 3. d4 cxd4 4. Nxd4 e5 5. Nb5 d6 6. N1c3 a6 7. Na3 b5 8. Nd5
Nf6 9. Bg5 Be7 10. Bxf6 Bxf6 11. c3 O-O 12. Nc2 Bb7 13. a4 bxa4 14. Rxa4 g6 15.
Nce3 Bg5 16. Bd3 Ne7 17. c4 1/2-1/2

[Event "Thüringenliga 2015/2016"]
[Site "?"]
[Date "2015.10.25"]
[Round "2"]
[White "Steinmüller, Johannes"]
[Black "Streltsyn, Grygoriy"]
[Result "0-1"]
[WhiteElo "1722"]
[BlackElo "2075"]
[PlyCount "110"]
[EventDate "2015.??.??"]
[WhiteTeam "ESV Gera"]
[BlackTeam "Erfurter Schachklub"]

1. e4 d6 2. d4 Nf6 3. Nc3 g6 4. Nf3 Bg7 5. Be2 O-O 6. O-O Nc6 7. Bf4 Bg4 8. h3
Bxf3 9. Bxf3 e5 10. dxe5 Nxe5 11. Bxe5 dxe5 12. Qxd8 Raxd8 13. Rad1 c6 14. Rxd8
Rxd8 15. Rd1 Rd4 16. Rxd4 exd4 17. Ne2 Nd7 18. Bg4 Nc5 19. f3 a5 20. b3 Kf8 21.
Nc1 Ke7 22. Nd3 Kd6 23. h4 b5 24. Kf2 Na6 25. Ke2 c5 26. Bc8 Nb8 27. Bb7 c4 28.
bxc4 bxc4 29. Nf4 Be5 30. Nd5 Bg3 31. h5 Nd7 32. hxg6 hxg6 33. Ba6 Kc5 34. Bc8
Nb6 35. Nxb6 Kxb6 36. Kd2 Bf4+ 37. Ke2 Kc5 38. Bd7 f6 39. a4 Kb4 40. Bb5 d3+
41. Kd1 Kc3 42. cxd3 Kxd3 43. Ba6 Kc3 44. Bc8 Kb2 45. Ba6 Kb3 46. Bb5 c3 47.
Bd3 Kxa4 48. Kc2 Kb4 49. e5 Bxe5 50. Bxg6 Kc4 51. Bf7+ Kd4 52. Be8 Ke3 53. Bc6
f5 54. g4 f4 55. Kb3 Kd2 0-1

[Event "Thüringenliga 2015/2016"]
[Site "?"]
[Date "2015.10.25"]
[Round "2"]
[White "Troyke, Doreen"]
[Black "Stark, Volker"]
[Result "1-0"]
[WhiteElo "2013"]
[BlackElo "1713"]
[PlyCount "61"]
[EventDate "2015.??.??"]
[WhiteTeam "Erfurter Schachklub"]
[BlackTeam "ESV Gera"]

1. c4 c5 2. g3 Nc6 3. Bg2 g6 4. Nc3 Bg7 5. e3 e6 6. Nge2 Nge7 7. O-O O-O 8. d4
cxd4 9. Nxd4 a6 10. Nxc6 dxc6 11. Qc2 Qc7 12. Rd1 Rd8 13. Rxd8+ Qxd8 14. b3 Ra7
15. Bb2 b6 16. Ne4 e5 17. Rd1 Rd7 18. Rxd7 Qxd7 19. c5 b5 20. Nd6 Qd8 21. h4
Be6 22. Qd1 Bd5 23. Bh3 e4 24. Bxg7 Kxg7 25. Qd4+ f6 26. Nxe4 Qf8 27. Nd6 h5
28. e4 Bg8 29. Qc3 Qd8 30. Qd2 Qc7 31. Ne8+ 1-0

[Event "Thüringenliga 2015/2016"]
[Site "?"]
[Date "2015.10.25"]
[Round "2"]
[White "Kupper, Matthias"]
[Black "Held, Martin"]
[Result "1-0"]
[WhiteElo "1741"]
[BlackElo "1685"]
[PlyCount "49"]
[EventDate "2015.??.??"]
[WhiteTeam "ESV Gera"]
[BlackTeam "Erfurter Schachklub"]

1. e4 e5 2. Nf3 Nc6 3. Bc4 Nf6 4. Ng5 d5 5. exd5 Nd4 6. d6 Qxd6 7. Bxf7+ Ke7 8.
Bb3 Nxb3 9. axb3 h6 10. Nf3 e4 11. Ng1 Bg4 12. Ne2 Kf7 13. O-O Qe5 14. Qe1 Bd6
15. Ng3 h5 16. f4 Bc5+ 17. Kh1 Qe6 18. Nc3 Rae8 19. Ra4 h4 20. Ngxe4 Qc6 21.
Rc4 b6 22. b4 Nxe4 23. Nxe4 Qb5 24. d3 Bd6 25. Qc3 1-0

[Event "Thüringenliga 2015/2016"]
[Site "?"]
[Date "2015.10.25"]
[Round "2"]
[White "Albrecht, Ulrich"]
[Black "Wille, Carsten"]
[Result "1/2-1/2"]
[WhiteElo "2009"]
[BlackElo "1486"]
[PlyCount "29"]
[EventDate "2015.??.??"]
[WhiteTeam "Erfurter Schachklub"]
[BlackTeam "ESV Gera"]

1. d4 g6 2. e4 d6 3. Nf3 Bg7 4. Nc3 Nf6 5. Be2 O-O 6. Be3 Ng4 7. Bf4 c5 8. dxc5
dxc5 9. h3 Nf6 10. O-O Nc6 11. Bc4 a6 12. e5 Nh5 13. Bh2 Bh6 14. Ne4 b5 15. Be2
1/2-1/2

[Event "Thüringenliga 2015/2016"]
[Site "?"]
[Date "2015.10.25"]
[Round "2"]
[White "Silberschlag, Jörg"]
[Black "Hausknecht, Matthias"]
[Result "0-1"]
[WhiteElo "2075"]
[BlackElo "2113"]
[PlyCount "98"]
[EventDate "2015.??.??"]
[WhiteTeam "SC Suhl"]
[BlackTeam "SV Medizin Erfurt"]

1. e4 c5 2. Nc3 a6 3. g3 d6 4. Bg2 Nc6 5. Nge2 Nf6 6. d4 cxd4 7. Nxd4 e6 8. Nb3
Be7 9. O-O O-O 10. Qe2 Qc7 11. f4 b5 12. a3 Bb7 13. Be3 Nd7 14. Qf2 Rab8 15.
Nd1 Ba8 16. Rc1 Nb6 17. Qe2 Nc4 18. Bf2 Bf6 19. c3 Rbc8 20. Ne3 Qb8 21. Ng4 Be7
22. h4 a5 23. Nd4 Qb7 24. f5 Nxd4 25. Bxd4 e5 26. Bf2 f6 27. Ne3 Nxe3 28. Bxe3
b4 29. axb4 axb4 30. c4 Bd8 31. b3 Bb6 32. Qf2 Bc5 33. Ra1 Qb6 34. Rfe1 Bc6 35.
Bxc5 dxc5 36. Re2 Rfd8 37. Rd2 Rxd2 38. Qxd2 Rd8 39. Qe2 Rd4 40. g4 Qd8 41. Qe3
h6 42. Re1 Qd6 43. g5 Rd3 44. Qe2 hxg5 45. hxg5 fxg5 46. Qg4 Qd4+ 47. Kh2 Qf2
48. Rd1 Rxd1 49. Qxd1 Bxe4 0-1

[Event "Thüringenliga 2015/2016"]
[Site "?"]
[Date "2015.10.25"]
[Round "2"]
[White "Nguyen, Huy Dat"]
[Black "Eichelmann, Andre"]
[Result "1-0"]
[WhiteElo "2050"]
[BlackElo "1901"]
[PlyCount "111"]
[EventDate "2015.??.??"]
[WhiteTeam "SV Medizin Erfurt"]
[BlackTeam "SC Suhl"]

1. e4 d6 2. Nc3 g6 3. f4 Bg7 4. Nf3 Bg4 5. Bc4 e6 6. O-O Nd7 7. h3 Bxf3 8. Qxf3
c6 9. a4 Ngf6 10. Ba2 Qb6+ 11. Kh1 O-O 12. d3 d5 13. e5 Ne8 14. Bd2 a5 15. Qe2
Nc7 16. Bb3 Na6 17. g4 Nb4 18. Nd1 d4 19. Be1 c5 20. Bxb4 Qc6+ 21. Qg2 Qxg2+
22. Kxg2 axb4 23. Nf2 Rae8 24. Ne4 Rc8 25. a5 h6 26. h4 Rc7 27. Ra2 Ra8 28.
Rfa1 Bf8 29. Bc4 Be7 30. g5 h5 31. Bb5 Kf8 32. Nd2 Ke8 33. Nc4 Kd8 34. Bxd7
Rxd7 35. a6 Rxa6 36. Rxa6 bxa6 37. Rxa6 Rb7 38. Na5 Rc7 39. Ra8+ Kd7 40. Nc4
Rb7 41. Na5 Rc7 42. Kf3 Rc8 43. Ra7+ Rc7 44. Ra6 Bf8 45. Ke2 Be7 46. Kd2 Rc8
47. Kc1 Rc7 48. Kb1 Rc8 49. Nc4 Rc7 50. Nb6+ Kc6 51. Na8+ Kb7 52. Nxc7 Kxc7 53.
Ra7+ Kd8 54. Ka2 c4 55. dxc4 Ke8 56. Rxe7+ 1-0

[Event "Thüringenliga 2015/2016"]
[Site "?"]
[Date "2015.10.25"]
[Round "2"]
[White "Berghof, Axel"]
[Black "Kirschbaum, Gunnar"]
[Result "1/2-1/2"]
[WhiteElo "2046"]
[BlackElo "2114"]
[PlyCount "27"]
[EventDate "2015.??.??"]
[WhiteTeam "SC Suhl"]
[BlackTeam "SV Medizin Erfurt"]

1. e4 e5 2. Bc4 Nf6 3. d4 exd4 4. Nf3 d5 5. exd5 Bb4+ 6. Kf1 O-O 7. Qxd4 Bf5 8.
c3 Be7 9. Bg5 Nbd7 10. Nbd2 Nb6 11. Re1 Nxc4 12. Nxc4 Nxd5 13. Bxe7 Nxe7 14.
Ne3 1/2-1/2

[Event "Thüringenliga 2015/2016"]
[Site "?"]
[Date "2015.10.25"]
[Round "2"]
[White "Reichel, Norbert"]
[Black "Feld-Gerdes, Wolfgang"]
[Result "1/2-1/2"]
[WhiteElo "2040"]
[BlackElo "2048"]
[PlyCount "55"]
[EventDate "2015.??.??"]
[WhiteTeam "SV Medizin Erfurt"]
[BlackTeam "SC Suhl"]

1. c4 g6 2. Nc3 c5 3. Nf3 Bg7 4. d4 cxd4 5. Nxd4 Nc6 6. Nxc6 bxc6 7. Qa4 Qb6 8.
Bd2 Nh6 9. e3 O-O 10. Be2 Nf5 11. Qc2 d6 12. O-O Rb8 13. Na4 Qc7 14. Rac1 c5
15. Bc3 Bh6 16. Bd2 Bb7 17. Nc3 e6 18. Bd3 Qe7 19. Ne2 Qg5 20. Ng3 Nh4 21. f4
Qe7 22. Rf2 Nf5 23. Nxf5 exf5 24. Re2 Rfe8 25. b3 Be4 26. Rf2 Qb7 27. Rd1 Re6
28. Bc1 1/2-1/2

[Event "Thüringenliga 2015/2016"]
[Site "?"]
[Date "2015.10.25"]
[Round "2"]
[White "Müller, Bernd"]
[Black "Müller-Ludwig, Kristin"]
[Result "1/2-1/2"]
[WhiteElo "1704"]
[BlackElo "1935"]
[PlyCount "33"]
[EventDate "2015.??.??"]
[WhiteTeam "SC Suhl"]
[BlackTeam "SV Medizin Erfurt"]

1. e4 e6 2. d4 d5 3. Nc3 Bb4 4. e5 Ne7 5. a3 Bxc3+ 6. bxc3 c5 7. Qg4 Qc7 8.
Bb5+ Bd7 9. Bxd7+ Nxd7 10. Ne2 cxd4 11. cxd4 Qxc2 12. Bd2 Qg6 13. Qf3 Nb6 14.
h4 Nc6 15. h5 Qe4 16. Qxe4 dxe4 17. Rh4 1/2-1/2

[Event "Thüringenliga 2015/2016"]
[Site "?"]
[Date "2015.10.25"]
[Round "2"]
[White "Jakob, Matthias"]
[Black "Koch, Stefan"]
[Result "1/2-1/2"]
[WhiteElo "1952"]
[BlackElo "1902"]
[PlyCount "42"]
[EventDate "2015.??.??"]
[WhiteTeam "SV Medizin Erfurt"]
[BlackTeam "SC Suhl"]

1. Nc3 d5 2. e4 dxe4 3. Nxe4 Nf6 4. Nxf6+ exf6 5. d4 Nc6 6. c3 Bd6 7. Bd3 O-O
8. Ne2 Re8 9. Qc2 g6 10. Be3 f5 11. g3 Qf6 12. h4 h5 13. O-O-O a6 14. Rhe1 b5
15. Nf4 Ne7 16. Bf1 Bb7 17. Bg2 Bxg2 18. Nxg2 Nd5 19. Bg5 Qg7 20. Qd2 Kh7 21.
Ne3 Nxe3 1/2-1/2

[Event "Thüringenliga 2015/2016"]
[Site "?"]
[Date "2015.10.25"]
[Round "2"]
[White "Will, Ralph"]
[Black "Nguyen, Ha Thanh"]
[Result "1-0"]
[WhiteElo "1735"]
[BlackElo "1664"]
[PlyCount "73"]
[EventDate "2015.??.??"]
[WhiteTeam "SC Suhl"]
[BlackTeam "SV Medizin Erfurt"]

1. d4 f5 2. c4 Nf6 3. Nf3 g6 4. g3 Bg7 5. Bg2 O-O 6. O-O d6 7. Nc3 Qe8 8. Qc2
e5 9. dxe5 dxe5 10. Bg5 c6 11. Rad1 Na6 12. Qc1 Qe6 13. b3 Kh8 14. Bh6 Bd7 15.
Bxg7+ Kxg7 16. Qa3 Rae8 17. Rd6 Qg8 18. Qc1 Nc7 19. Rfd1 Bc8 20. Qe3 e4 21. Nh4
a6 22. Bh3 Qf7 23. Bg2 Qe7 24. Na4 Nh5 25. Nb6 Nd5 26. Qd4+ Nhf6 27. Nxc8 Rxc8
28. c5 Kg8 29. Bh3 Rf7 30. Bxf5 gxf5 31. Nxf5 Qf8 32. Qd2 Ne7 33. Nh6+ Kh8 34.
Nxf7+ Qxf7 35. Qf4 Rf8 36. Rd8 Ne8 37. Qe5+ {ZÜ} 1-0